Georg Simmel : (Record no. 1238)

MARC details
000 -LEADER
fixed length control field 00872cam a2200301 i 4500
001 - CONTROL NUMBER
control field 2729692
003 - CONTROL NUMBER IDENTIFIER
control field OSt
005 - DATE AND TIME OF LATEST TRANSACTION
control field 20230619111642.0
008 - FIXED-LENGTH DATA ELEMENTS--GENERAL INFORMATION
fixed length control field 770810s1976 enk 001 0 eng
010 ## - LIBRARY OF CONGRESS CONTROL NUMBER
LC control number 77471877
015 ## - NATIONAL BIBLIOGRAPHY NUMBER
National bibliography number GB76-35973
020 ## - INTERNATIONAL STANDARD BOOK NUMBER
International Standard Book Number 0177110813 :
Terms of availability £8.95
040 ## - CATALOGING SOURCE
Original cataloging agency DLC
Transcribing agency DLC
Modifying agency DLC
041 1# - LANGUAGE CODE
Language code of text/sound track or separate title engger
050 00 - LIBRARY OF CONGRESS CALL NUMBER
Classification number HM51
Item number .S53513 1976
082 00 - DEWEY DECIMAL CLASSIFICATION NUMBER
Classification number 301/.092/4
Item number LAW
100 1# - MAIN ENTRY--PERSONAL NAME
Personal name Simmel, Georg,
Dates associated with a name 1858-1918.
240 10 - UNIFORM TITLE
Uniform title Works.
Form subheading Selections.
Language of a work English.
Date of a work 1976
245 10 - TITLE STATEMENT
Title Georg Simmel :
Remainder of title sociologist and European /
Statement of responsibility, etc. [by] P. A. Lawrence.
260 ## - PUBLICATION, DISTRIBUTION, ETC. (IMPRINT)
Place of publication, distribution, etc. Sunbury-on-Thames :
Name of publisher, distributor, etc. Nelson,
Date of publication, distribution, etc. 1976.
300 ## - PHYSICAL DESCRIPTION
Extent xii, 275 p. ;
Dimensions 23 cm.
490 0# - SERIES STATEMENT
Series statement The Making of sociology series
500 ## - GENERAL NOTE
General note Includes index.
650 #0 - SUBJECT ADDED ENTRY--TOPICAL TERM
Topical term or geographic name as entry element Sociology.
700 1# - ADDED ENTRY--PERSONAL NAME
Personal name Lawrence, Peter A.
906 ## - LOCAL DATA ELEMENT F, LDF (RLIN)
a 7
b cbc
c orignew
d 3
e ncip
f 19
g y-gencatlg
942 ## - ADDED ENTRY ELEMENTS (KOHA)
Source of classification or shelving scheme Dewey Decimal Classification
Koha item type Books
Holdings
Withdrawn status Lost status Source of classification or shelving scheme Damaged status Not for loan Home library Current library Date acquired Total Checkouts Full call number Barcode Date last seen Price effective from Koha item type
    Dewey Decimal Classification     County Hall Archives County Hall Archives 06/19/2023   301/.092/4 LAW 10002173 06/19/2023 06/19/2023 Books
LIBRARY OPENING HOURS

When the Parliament is sitting: 8.00a.m - 7.00p.m or until the house adjourns
Mondays and Fridays and when the House is on Recess:  8.00a.m - 5.00p.m
Closed on Weekends and Public Holidays

Online Public Access Catalog (OPAC)
Website: http://www.parliament.go.ke
Bunge Library: https://libraryir.parliament.go.ke
Contact: library@parliament.go.ke | Tel no: (254-2)2221291 or 2848000 Ext 5043